000 00414cam a2200181 4500
001 D6565
008 090401t1978 xxu||||| |||| 00| 0 eng d
035 _a(Sirsi) u1521
041 _aeng
050 _a914.2375
100 _aLaws, P.
245 4 _aThe industries of Penzance
260 _aPenzance
_bTrevithick Society
_c1978
300 _a48p. ill. 21cm
350 _a0
942 _n0
948 _c04/03/1997
999 _c85679
_d85679